|
|
|
|
| LEADER |
01072cam a2200253 7i4500 |
| 001 |
0000027798 |
| 005 |
20120807090000.0 |
| 020 |
0 |
0 |
|a 0867302631
|
| 090 |
0 |
0 |
|a AM. N 381.148025
|b DIR
|
| 245 |
0 |
0 |
|a 2012 Directory of supermarket grocery & convenience store chains.
|
| 260 |
0 |
0 |
|a Tampa:
|b Chain Store Guide,
|c 2012.
|
| 300 |
# |
# |
|a 1014 p.
|
| 650 |
0 |
0 |
|a Retail trade --
|x Directories --
|z United States of America
|
| 650 |
0 |
0 |
|a Supermarkets --
|x Directories --
|z United States of America
|
| 650 |
0 |
0 |
|a Chain stores --
|x Directories --
|z United States of America
|
| 650 |
0 |
0 |
|a Chain stores --
|x Directories --
|z Canada
|
| 650 |
0 |
0 |
|a Retail trade --
|x Directories --
|z Canada
|
| 650 |
0 |
0 |
|a Grocery trade --
|x Directories --
|z Canada
|
| 650 |
0 |
0 |
|a Grocery trade --
|x Directories --
|z United States of America
|
| 650 |
0 |
0 |
|a Supermarkets --
|x Directories --
|z Canada
|
| 651 |
0 |
0 |
|a United States of America
|
| 651 |
0 |
0 |
|a Canada
|
| 999 |
|
|
|a B00003081
|b Directories
|c Countries
|e Business Information Centre
|
| 999 |
|
|
|a B000030681
|b Directories
|c Regions
|e Business Information Centre
|